000 00603nam a2200241Ia 4500
003 OSt
005 20221006143412.0
006 a|||||r|||| 00| 0
007 ta
008 221006b |||||||| |||| 00| 0 eng d
020 _c1260.00
024 _a8,860
037 _cTextual
040 _aEASL
_cEASL
_beng
041 _2eng
_aeng
082 _aX.17.N8, M7
245 0 _aPACIFIC BASIN
_b An economic handbook
260 _aLondon
_bEuromonitor Publications
_c1987
300 _a304p.
_ccm.
490 _v Oth
942 _hX.17.N8, M7
_cTEXL
_2CC
999 _c1076946
_d1076946